MARC details
| 000 -CABECERA |
| campo de control de longitud fija |
01012nam a2200277 a 4500 |
| 001 - NÚMERO DE CONTROL |
| campo de control |
000023808 |
| 003 - IDENTIFICADOR DEL NÚMERO DE CONTROL |
| campo de control |
DO-SdBNP |
| 005 - FECHA Y HORA DE LA ÚLTIMA TRANSACCIÓN |
| campo de control |
20220407135126.0 |
| 008 - DATOS DE LONGITUD FIJA--INFORMACIÓN GENERAL |
| campo de control de longitud fija |
110113s2001 mx a r 000 | spa d |
| 020 ## - NÚMERO INTERNACIONAL ESTÁNDAR DEL LIBRO |
| Número Internacional Estándar del Libro |
970187420x |
| 040 ## - FUENTE DE LA CATALOGACIÓN |
| Centro catalogador/agencia de origen |
DO-SdBNP |
| Lengua de catalogación |
spa |
| Centro/agencia transcriptor |
BNPHU |
| 049 ## - FONDOS LOCALES (OCLC) |
| Fondos de biblioteca |
BNGR |
| 082 ## - NÚMERO DE LA CLASIFICACIÓN DECIMAL DEWEY |
| Número de clasificación |
615.532 |
| Número de documento/Ítem |
H148ó |
| 100 1# - ENTRADA PRINCIPAL--NOMBRE DE PERSONA |
| Nombre de persona |
Hahnemann, Samuel |
| 9 (RLIN) |
49007 |
| 245 13 - MENCIÓN DE TÍTULO |
| Título |
El organón de la medicina / |
| Mención de responsabilidad, etc. |
Samuel Hahnemann; revisado con la colaboración de Fernando François Flores; prólogo de David Flores Toledo; introducción de James Krauss. |
| 250 ## - MENCIÓN DE EDICIÓN |
| Mención de edición |
2da. ed., corr. y aum. y con nuevas ilustraciones |
| 260 ## - PUBLICACIÓN, DISTRIBUCIÓN, ETC. |
| Lugar de publicación, distribución, etc. |
México, D.F. : |
| Nombre del editor, distribuidor, etc. |
Instituto Politécnico Nacional, |
| Fecha de publicación, distribución, etc. |
2001. |
| 300 ## - DESCRIPCIÓN FÍSICA |
| Extensión |
506 p. : |
| Otras características físicas |
il. ; |
| Dimensiones |
23 cm. |
| 500 ## - NOTA GENERAL |
| Nota general |
Comentado por David Flores Toledo |
| 500 ## - NOTA GENERAL |
| Nota general |
Incluye notas al pie de página |
| 650 #4 - PUNTO DE ACCESO ADICIONAL DE MATERIA--TÉRMINO DE MATERIA |
| Término de materia o nombre geográfico como elemento de entrada |
Homeopatía |
| 9 (RLIN) |
49008 |
| 700 1# - PUNTO DE ACCESO ADICIONAL--NOMBRE DE PERSONA |
| Nombre de persona |
François Flores, Fernando |
| 9 (RLIN) |
49009 |
| 700 1# - PUNTO DE ACCESO ADICIONAL--NOMBRE DE PERSONA |
| Nombre de persona |
Flores Toledo, David |
| Término indicativo de función/relación |
pról. |
| 9 (RLIN) |
49010 |
| 700 1# - PUNTO DE ACCESO ADICIONAL--NOMBRE DE PERSONA |
| Nombre de persona |
Krauss, James |
| Término indicativo de función/relación |
introd. |
| 9 (RLIN) |
49011 |
| 942 ## - ELEMENTOS DE PUNTO DE ACCESO ADICIONAL (KOHA) |
| Fuente del sistema de clasificación o colocación |
Dewey Decimal Classification |
| Tipo de ítem Koha |
Libro |